Participantes de La Isla de las Tentaciones - Estadísticas

Estadísticas generales
  • Esta prueba ha sido intentada 89 veces
  • La puntuación promedio es 42 de 84
Estadísticas de respuestas
1 Respuesta % Correcto
8 Montoya
84%
2 Álvaro
79%
5 Álvaro
79%
7 Anita
79%
6 Ana
76%
14 Ana
76%
5 Andrea
76%
1 Andrea
76%
9 Andrea
76%
11 Alba
75%
4 Alba
75%
6 Alba
75%
8 Manuel
75%
6 Manuel
75%
7 Manuel
75%
4 Alex
74%
5 Alex
74%
10 Alex
74%
10 Christofer
71%
9 Fani
71%
9 Lucía
71%
2 Bayan
69%
1 Eros
69%
10 Claudia
65%
2 Claudia
65%
5 Borja
62%
7 María
62%
9 Marieta
62%
1 Marta
62%
8 Mario
60%
5 Tom
57%
3 Alejandro
56%
9 Alejandro
56%
10 Joel
54%
12 Tadeo
54%
3 David
53%
8 David
53%
2 Marina
53%
6 Marina
53%
3 Jesús
50%
8 Pablo
49%
6 Sandra
49%
1 Adrián
47%
7 Laura
47%
10 Laura
47%
6 Melyssa
47%
4 Elena
46%
7 Nico
46%
3 Fiama
44%
13 Fran
44%
7 Jose
44%
5 Diego
43%
1 Hugo
43%
2 Lester
43%
1 Susana
43%
2 Gonzalo
41%
1 Javi
41%
2 Naomi
41%
6 Ismael
40%
4 Lara
40%
6 Lola
40%
4 Tania
40%
3 Tania
40%
8 Galla
38%
5 Dario
35%
7 Mayka
35%
7 Raúl
34%
4 Samuel
34%
2 Zoe
32%
9 Paola
28%
1 Josué
26%
10 Ángel
25%
9 Inma
25%
4 Ruth
25%
5 Sara
25%
8 Adelina
24%
8 Lydia
24%
3 Alessandro
22%
4 Patricia
22%
12 Rober
22%
11 Sthefany
22%
3 Niko
18%
3 Gerad
15%
10 Arnau
3%
No se encontraron pruebas coincidentes
Distribución de puntuación
Porcentaje de gente con cada puntuación
Porcentaje por número respondido
Historial de tus puntuaciones
No has intentado esta prueba.